Статистические сведения о количестве выданного пособия и пенсий рабочим по округам

Доступно только в Электронных читальных залах Найти на картеНа карте
RUSMARC
00003630nmc2a22002413x 450
001be7ec750-9f20-4958-b19f-36c4829ce6a0
00520210329221922.0
100##$a20201002l19041910k l0rusy0189 ca
1010#$arus
102##$aRU
105##$aa###
1222#$ad
2001#$aСтатистические сведения о количестве выданного пособия и пенсий рабочим по округам
$j1904-1910 гг.
215##$a113 л.
$cтабл.
$d29х21 см
251##$cДело
300##$aОтдел статистический
371##$aДокумент не является опубликованным и широко распространяемым
461#0$1001462bc950-73da-43c4-909a-7b2c52d22778
$12001
$aСовет съездов представителей промышленности и торговли
$1251
$cФонд
$1852
$j32
462#0$10016d63d908-4edb-4782-94eb-bfaf477d4f70
$12001
$aОпись № 1
$1251
$cОпись
$1852
$j1
801#0$aRU
$bРГИА
$c20201002
$gRCR
801#1$aRU
$bГлавНИВЦ
$c20201002
$2rusmarc
801#2$aRU
$bПБ им. Б.Н. Ельцина
$c20210329
$gRCR
$2rusmarc
850##$aРГИА
852##$aРГИА
$eФедеральное казенное учреждение "Российский государственный исторический архив" (РГИА)
$j1698
937##$hРГИА
$d12352625
$aASBIBLIO_SCAN
035##$aRusGRCC00013065
856##$uhttp://readingroom.main.prlib.ru/item.aspx?id_node=n160457305&mode=full
Формат отображения